01266nam a22002177a 450000500170000000800410001702000180005804000070007604100080008308200160009110000170010724500630012425000060018726000610019330000290025436501040028352005940038765000230098165000210100465000230102520251015102303.0251015b |||||||| |||| 00| 0 eng d a9788120417892 cAL aeng a519.2bMEYI aPaul L Meyer aIntroductory probability and statistical applications Ed 2 a2 aNew DelhibOxford and IBH Publishing Co. Pvt. Ltd.c1970 axiv,367p.bPBc21.5x14cm 2Electronics and Communication EngineeringaABDI/0818/25b₹356.25c₹d₹475.00e25%f03-10-2025 aIntroduction to probability -- Finite sample spaces -- Conditional probability and independence -- One-dimensional random variables -- Functions of random variables -- Two- and higher-dimensional random variables -- Further characterization of random variables -- The Poisson and other discrete random variables -- Some important continuous random variables -- The moment-generating function -- Applications to reliability theory -- Sums of random variables -- Samples and sampling distributions -- Estimation of parameters -- Testing hypothesis -- Appendix -- Answers to selected problems aReliability Theory aRandom Vairables aTesting Hypotheses